| 000 | 00848nam a22001577a 4500 | ||
|---|---|---|---|
| 003 | LRUA | ||
| 005 | 20220808152136.0 | ||
| 008 | 220808b xxu||||| |||| 00| 0 eng d | ||
| 040 | _cRUA | ||
| 082 | _2AGE SAL 2019 B659 Or. | ||
| 100 |
_915018 _aSALES MATLY,សាឡេស ម៉ាត់លី |
||
| 245 | _aevaluating effectiveness of differnt seeders and effects of weed control on phka rumduol rice yield.ការវាយតម្លៃពីប្រសិទ្ធភាពនៃឧស្ម័នឧបករណ៍ដាំគ្រាប់ស្រូវផ្សេងគ្នា និងឥទ្ធីពលនៃការគ្រប់គ្រងស្មៅលើទិន្ធផលស្រូវផ្ការំដួល | ||
| 260 |
_aphnom penh _bRUA _c2019 |
||
| 300 |
_aill, _bxiii,71p., _c29cm, |
||
| 942 |
_2ddc _cAGE |
||
| 999 |
_c20239 _d20239 |
||